Score 0/25 Timer 10:00
0 Plays Today
% Correct
Barack Obama
99.2%
Martin Luther King Jr.
96.5%
Michael Jackson
95.4%
Robin Williams & Joanna Levesque
90.6%
Amy Winehouse
84.7%
Catherine, Duchess of Cambridge
84.4%
Jimi Hendrix
83.1%
Tom Cruise
81.3%
Bob Dylan
74.9%
Michael Caine & Laurence Olivier
72.3%
John Legend
69.2%
Paul Newman
67.5%
Mark Twain
65.3%
% Correct
Amy Adams
63.3%
Barbara Bush
61.4%
Marlon Brando & Anthony Quinn
60.6%
Janis Joplin
60%
Dean Martin
56.1%
Bruce Springsteen
53%
Kevin Hart
47.6%
Jack Lemmon & Kim Novak
41.3%
Novak Djokovic
39.8%
Sophia Loren
39.3%
Samantha Bee
26.8%
Jean Gabin & Alain Delon
8.3%
Remove Ads.
Support Sporcle.
Get the best of Sporcle when you Go Orange. This ad-free experience offers more features, more stats, and more fun while also helping to support Sporcle. Thank you for becoming a member.

You're not logged in!

Compare scores with friends on all Sporcle quizzes.
OR
Log In

Show Comments

Extras

Top Quizzes Today


Score Distribution

Your Account Isn't Verified!

In order to create a playlist on Sporcle, you need to verify the email address you used during registration. Go to your Sporcle Settings to finish the process.

Report this User

Report this user for behavior that violates our Community Guidelines.

Details: